000 00620 a2200169 4500
999 _c342
_d342
020 _a9780802821218
050 0 0 _aBR100 DAV 2003
100 1 _aDavies, Oliver
_d1956-
_eauthor
245 1 2 _aA theology of compassion :
_bmetaphysics of difference and the renewal of tradition /
_cOliver Davies.
264 _aNew York:
_bEerdsmans publishing company,
_c2001
300 _axxii, 376 p. ;
500 _aIncludes index
650 0 _aPhilosophical theology.
650 0 _aTheological anthropology
_xChristianity
942 _2lcc
_cBK
_h100
_iDAV
_kBR